Fußball: Trainerstationen von Friedhelm Funkel - Statistiken

Allgemein
  • Dieses Quiz wurde 446 mal gespielt
    259 seit der letzten Aktualisierung
  • Das Durchschnittsergebnis liegt bei 8 aus 12
Antwortstatistiken
Zeitraum Verein % Korrekt
2016 – 2020 Fortuna Düsseldorf
95%
2002 – 2003 1. FC Köln
90%
2021 1. FC Köln
90%
2024 1. FC Kaiserslautern
88%
2004 – 2009 Eintracht Frankfurt
72%
2009 – 2010 Hertha BSC
67%
2010 – 2011 VfL Bochum
67%
1996 – 2000 MSV Duisburg
57%
1991 – 1996 KFC Uerdingen
48%
2011 – 2012 Alemannia Aachen
46%
2000 – 2001 Hansa Rostock
42%
2013 – 2014 1860 München
36%
Keine übereinstimmenden Quizze gefunden
Verteilung der Resultate
Anzahl Personen mit jedem Resultat
Perzentil nach korrekt beantworteten Fragen
Ihre Resultats-Entwicklung
Sie haben dieses Quiz seit der letzten Aktualisierung nicht gespielt